| 000 | 02977cam a2200409 i 4500 | ||
|---|---|---|---|
| 001 | 22259666 | ||
| 003 | NUST | ||
| 005 | 20240311101312.0 | ||
| 006 | m |o d | | ||
| 007 | cr_||||||||||| | ||
| 008 | 210923s2022 enk ob 001 0 eng | ||
| 010 | _a 2021046345 | ||
| 020 | _a9780367511463 | ||
| 020 |
_a9781003052623 _q(ebook) |
||
| 038 | _aMalang Jan | ||
| 040 |
_aDLC _beng _cDLC _erda _dDLC |
||
| 042 | _apcc | ||
| 050 | 0 | 0 | _aNA2705 |
| 082 | 0 | 0 |
_a720.284 _223 _bROU |
| 245 | 0 | 4 |
_aThe Routledge companion to architectural drawings and models : _bfrom translating to archiving, collecting and displaying / _cedited by Federica Goffi. |
| 264 | 1 |
_aAbingdon, Oxon ; _aNew York : _bRoutledge, _c2022. |
|
| 300 |
_a512p.: _bill; |
||
| 336 |
_atext _btxt _2rdacontent |
||
| 337 |
_acomputer _bc _2rdamedia |
||
| 338 |
_aonline resource _bcr _2rdacarrier |
||
| 504 | _aIncludes bibliographical references and index. | ||
| 505 | 0 | _aDrawing sites/Sites of knowledge construction -- The afterlife of drawings and models -- Tools of making and knowledge construction -- The ethical responsibilities of collecting and archiving. | |
| 520 |
_a"Architectural drawings and models are instruments of imagination, communication, and historical continuity. The role of drawings and models, their ownership, placement, and authorship in a ubiquitous digital age deserves careful consideration. Expanding on the well-established discussion of the translation from drawings to buildings, this book fills a lacuna in current scholarly publications, questioning the significance of the lives of drawings and models after construction. Including emerging, well-known and world-renowned scholars in the fields of architectural history and theory and curatorial practices, the 35 contributions define recent research in four key areas: Drawing Sites/Sites of Knowledge Construction: Drawing, Office, Construction Site; The Afterlife of Drawings and Models: Archiving, Collecting, Displaying and Exhibiting; Tools of Making: Architectural Representations and their Apparatus Over Time; The Ethical Responsibilities of Collecting and Archiving: Authorship, Ownership, Copyrights, and Rights to Copy. The research covers a wide range of geographies and delves into the practices of such architects as Sir John Soane, Superstudio, Viollet-le-Duc, Frank Lloyd Wright, Wajiro Kon, Germán Samper Gnecco, A+PS, Mies van der Rohe and Renzo Piano"-- _cProvided by publisher. |
||
| 588 | _aDescription based on print version record and CIP data provided by publisher. | ||
| 650 | 0 |
_aArchitectural drawing. _925520 |
|
| 650 | 0 |
_aArchitectural models. _945108 |
|
| 700 | 1 |
_aGoffi, Federica, _eeditor. _9122051 |
|
| 776 | 0 | 8 |
_iPrint version: _tRoutledge companion to architectural drawings and models _dAbingdon, Oxon ; New York : Routledge, 2022 _z9780367511463 _w(DLC) 2021046344 |
| 906 |
_a7 _bcbc _corignew _d1 _eecip _f20 _gy-gencatlg |
||
| 942 |
_2ddc _cBK |
||
| 999 |
_c608633 _d608633 |
||